|
|
|
|
| LEADER |
00992naa a2200253 i 4500 |
| 001 |
acta74416 |
| 005 |
20220225150649.0 |
| 008 |
220221s2022 hu o 0|| hun d |
| 020 |
|
|
|a 978-963-306-846-5
|
| 024 |
7 |
|
|a 10.14232/sztep.pszibet.2022.19
|2 doi
|
| 040 |
|
|
|a SZTE Egyetemi Kiadványok Repozitórium
|b hun
|
| 041 |
|
|
|a hun
|
| 100 |
1 |
|
|a Vajda Dóra
|
| 245 |
1 |
0 |
|a Klinikai szakpszichológusi munka a szomatikus ellátásban
|h [elektronikus dokumentum] /
|c Vajda Dóra
|
| 260 |
|
|
|c 2022
|
| 300 |
|
|
|a 385-405
|
| 490 |
0 |
|
|a Pszichológusok a betegellátásban : alkalmazott egészségpszichológiai tanulmányok és esetismertetések
|
| 650 |
|
4 |
|a Orvos- és egészségtudomány
|
| 650 |
|
4 |
|a Klinikai orvostan
|
| 650 |
|
4 |
|a Társadalomtudományok
|
| 650 |
|
4 |
|a Pszichológia
|
| 695 |
|
|
|a Egészségpszichológia, Klinikai pszichológia
|
| 700 |
0 |
2 |
|a Szigeti F. Judit
|e aut
|
| 856 |
4 |
0 |
|u http://acta.bibl.u-szeged.hu/74416/1/2022_alkalmazott_egeszsegpszichologia_385-405.pdf
|z Dokumentum-elérés
|